- Zemelman, Hugo,
Entry Nombre Personal
001 - NUMERO DE CONTROL
- campo de control: 29553
003 - IDENTIFICADOR DE NUMERO DE CONTROL
- campo de control: DLC
005 - FECHA Y HORA DE LA ÜLTIMA TRANSACCIÓN
- campo de control: 20221128100915.0
008 - DATOS DE LONGITUD FIJA
- campo de control de longitud fija: 851210n| acannaabn |a aaa
010 ## - NÚMERO DE CONTROL DE LA BIBLIOTECA DEL CONGRESO
- Número de control LC: n 85828396
035 ## - NUMERO DE CONTROL
- Número de control: (OCoLC)oca01451374
040 ## - FUENTE DE CATALOGACIÓN
- Agencia original de catalogación: DLC
- Lenguaje de catalogación: spa
- Agencia de transcripción: DLC
- Agencia que lo modifica: DLC
- Agencia que lo modifica: OCoLC
- Agencia que lo modifica: MX-MxUPN
046 ## - FECHAS CON CODIFICACIÓN ESPECIAL
- Fecha de nacimiento: 1931
- Fecha de muerte: 2013
100 1# - ENCABEZAMIENTO - NOMBRE PERSONAL
- Nombre personal: Zemelman, Hugo,
- Fechas asociadas con el nombre: 1931-2013
370 ## - LUGAR ASOCIADO
- Place of birth: Chile
- Place of death: Pátzcuaro (México)
- Associated country: México
372 ## - CAMPO DE ACTIVIDAD
- Field of activity: Sociología
373 ## - GRUPO ASOCIADO
- Associated group: Colegio de México
- Associated group: Universidad Nacional Autónoma de México
- Associated group: FLACSO (Organization). Sede Académica de México
- Associated group: Instituto Pensamiento y Cultura en América Latina
- Fuente del término: naf
374 ## - OCUPACIÓN
- Occupation: Profesor universitario
- Occupation: Sociólogo
377 ## - LENGUA ASOCIADA
- Language code: spa
400 1# - VEÁSE - NOMBRE DE PERSONA
- Control subfield: nne
- Personal name: Zemelman Merino, Hugo,
- Dates associated with a name: 1931-
400 1# - VEÁSE - NOMBRE DE PERSONA
- Personal name: Zemelman M., Hugo
- Fuller form of name: (Zemelman Merino),
- Dates associated with a name: 1931-
670 ## - FUENTE EN LA QUE SE LOCALIZARON DATOS
- Cita de la fuente: LC data base, 12/10/85
- Información localizada: (hdg.: Zemelman Merino, Hugo, 1931- ; usage (once): Hugo Zemelman Merino) Apr. 19, 1999 (predominant usage, Hugo Zemelman)
670 ## - FUENTE EN LA QUE SE LOCALIZARON DATOS
- Cita de la fuente: Uso crítico de la teoría, 1987- :
- Información localizada: v. 1, t.p. (Hugo Zemelman) cover (Hugo Zemelman M.)
670 ## - FUENTE EN LA QUE SE LOCALIZARON DATOS
- Cita de la fuente: Reflexiones en torno a la relación entre epistemología y método, 2009:
- Información localizada: portada (Hugo Zemelman) solapa (Hugo Zemelman, nació en Concepción, Chile, en 1931; cursó las licenciaturas en Sociología rural y un postgrado en Sociología; después del golpe militar del 73 llega a México donde labora en el Colegio de México, la UNAM y FLACSO, ha sido profesor en diversas instituciones, actualmente es director general del IPECAL)
670 ## - FUENTE EN LA QUE SE LOCALIZARON DATOS
- Cita de la fuente: Wikipedia, 28 noviembre 2022:
- Información localizada: (Hugo Zemelman, nació el 7 de octubre de 1931 en Concepción, Chile, falleció el 3 de octubre de 2013 en Pátzcuaro, México; académico, maestro, sociólogo y epistemólogo)
- Uniform Resource Identifier: https://es.wikipedia.org/wiki/Hugo_Zemelman_Merino
902 ## - CATALOGADOR
- Catalogador: Víctor Ruiz/281122
